[Event "ONJK 2017 B"]
[Site "Borne, Netherlands"]
[Date "2017.08.07"]
[Round "1.1"]
[White "Damen, Sven"]
[Black "Salem Elier, Ali"]
[Result "1-0"]
[WhiteElo "1544"]
[BlackElo "1962"]
[PlyCount "47"]
[EventDate "2017.08.??"]

1. e4 e5 2. Nf3 Nc6 3. Bb5 Nge7 4. c3 g6 5. O-O Bg7 6. Re1 O-O 7. d4 exd4 8.
cxd4 d5 9. e5 a6 10. Ba4 Bg4 11. Bxc6 Nxc6 12. Be3 f6 13. exf6 Qxf6 14. Nbd2
Rae8 15. Qb3 Qd6 16. Rac1 Bc8 17. Rc5 Rd8 18. Ne4 Qd7 19. Bg5 Bxd4 20. Rxc6
bxc6 21. Bxd8 Qxd8 22. Nxd4 Re8 23. Nf6+ Kf7 24. Nxe8 1-0

[Event "ONJK 2017 B"]
[Site "Borne, Netherlands"]
[Date "2017.08.07"]
[Round "1.2"]
[White "Baselmans, Luuk"]
[Black "Warmerdam, Ivo"]
[Result "1/2-1/2"]
[WhiteElo "1947"]
[BlackElo "1537"]
[PlyCount "82"]
[EventDate "2017.08.??"]

1. e4 c5 2. c3 d5 3. exd5 Qxd5 4. d4 cxd4 5. cxd4 Nc6 6. Nf3 Nf6 7. Nc3 Qd8 8.
Be2 g6 9. d5 Nb8 10. O-O Bg7 11. Bf4 Nh5 12. Bxb8 Rxb8 13. Qa4+ Bd7 14. Qxa7 b6
15. Qa3 Nf4 16. Bc4 b5 17. Nxb5 Bxb5 18. Bxb5+ Rxb5 19. Qa4 Ne2+ 20. Kh1 Qa5
21. Qc4 Rxb2 22. Rab1 Qc3 23. Qa4+ Kd8 24. Ng5 Rf8 25. Nxh7 Rh8 26. Rxb2 Qxb2
27. Ng5 Rf8 28. Qa8+ Kc7 29. Qc6+ Kb8 30. g3 Rc8 31. Qa4 Rh8 32. Kg2 Qb7 33.
Qe4 Nc3 34. Qf4+ Ka8 35. f3 Qb2+ 36. Rf2 Rxh2+ 37. Kxh2 Qxf2+ 38. Kh3 f6 39.
Ne6 Qf1+ 40. Kh2 Qf2+ 41. Kh3 Qf1+ 1/2-1/2

[Event "ONJK 2017 B"]
[Site "Borne, Netherlands"]
[Date "2017.08.07"]
[Round "1.3"]
[White "Joosse, Xander"]
[Black "Dai, Wenzhi"]
[Result "0-1"]
[WhiteElo "1536"]
[BlackElo "1899"]
[PlyCount "70"]
[EventDate "2017.08.??"]

1. d4 Nf6 2. c4 c5 3. Nf3 g6 4. Bf4 Bg7 5. Nc3 O-O 6. e3 Nc6 7. Be2 Nh5 8. Bg3
d6 9. O-O Nxg3 10. hxg3 cxd4 11. Nxd4 Bd7 12. Rc1 Rc8 13. b3 Re8 14. Bf3 Nxd4
15. exd4 Bc6 16. d5 Bd7 17. Re1 a6 18. Re2 b5 19. Ne4 bxc4 20. bxc4 Bf5 21. g4
Bxe4 22. Bxe4 Qd7 23. f3 Rc5 24. Bd3 e6 25. Qe1 Bd4+ 26. Kh2 Rec8 27. Re4 Be5+
28. g3 exd5 29. Re2 dxc4 30. Bc2 Bf6 31. Rd1 d5 32. Qd2 d4 33. Qf4 Kg7 34. Kh1
d3 35. Rh2 Bg5 0-1

[Event "ONJK 2017 B"]
[Site "Borne, Netherlands"]
[Date "2017.08.07"]
[Round "1.4"]
[White "Van Randtwijk, Mick"]
[Black "Resing, Marvin"]
[Result "1-0"]
[WhiteElo "1892"]
[BlackElo "1534"]
[PlyCount "75"]
[EventDate "2017.08.??"]

1. e4 c5 2. Nf3 d6 3. d4 cxd4 4. Nxd4 Nf6 5. Nc3 a6 6. Be3 e5 7. Nf3 Be6 8. Be2
Be7 9. O-O O-O 10. Nh4 d5 11. exd5 Nxd5 12. Nxd5 Bxd5 13. Nf5 Nc6 14. Bd3 Bf6
15. Qg4 Ne7 16. Rad1 Be6 17. Nh6+ Kh8 18. Qe4 Ng6 19. Ng4 Bxg4 20. Qxg4 Qc7 21.
Be4 Rad8 22. b3 b5 23. Qh5 Kg8 24. a3 Be7 25. b4 Qc3 26. Bc1 Rxd1 27. Rxd1 Rd8
28. h3 Nf8 29. Rxd8 Bxd8 30. Be3 Be7 31. Bd5 g6 32. Qf3 Ne6 33. Bxe6 fxe6 34.
Qa8+ Kf7 35. Qxa6 Qa1+ 36. Kh2 Bxb4 37. Qa7+ Be7 38. Bc5 1-0

[Event "ONJK 2017 B"]
[Site "Borne, Netherlands"]
[Date "2017.08.07"]
[Round "1.5"]
[White "Kanbier, Guy"]
[Black "Gijsen, William"]
[Result "0-1"]
[WhiteElo "1487"]
[BlackElo "1856"]
[PlyCount "60"]
[EventDate "2017.08.??"]

1. e4 c5 2. c4 Nc6 3. Nf3 g6 4. Nc3 Bg7 5. Be2 d6 6. O-O Nf6 7. d3 O-O 8. h3 b6
9. Rb1 Bb7 10. a3 e6 11. b4 Nd7 12. Bd2 Re8 13. Nb5 Nde5 14. Bf4 a6 15. Bxe5
Nxe5 16. Nxe5 Bxe5 17. bxc5 axb5 18. cxb6 bxc4 19. d4 Bg7 20. Bxc4 Bxe4 21. Rb3
Rb8 22. f3 Bc6 23. Rb1 Rxb6 24. Rb4 Rxb4 25. axb4 Qb6 26. Kh2 Qxd4 27. Qc2 Qc3
28. Qa2 Ra8 29. Qe2 Qe5+ 30. Qxe5 Bxe5+ 0-1

[Event "ONJK 2017 B"]
[Site "Borne, Netherlands"]
[Date "2017.08.07"]
[Round "1.6"]
[White "Van Dongen, Sam"]
[Black "Zuurmond, Derek"]
[Result "1-0"]
[WhiteElo "1856"]
[BlackElo "1471"]
[PlyCount "105"]
[EventDate "2017.08.??"]

1. d4 d5 2. Nc3 Nf6 3. Bg5 Nc6 4. Nf3 Bf5 5. e3 e6 6. Bd3 Bg6 7. O-O Be7 8. Re1
O-O 9. Bxg6 fxg6 10. a3 Rc8 11. Qd3 Nd7 12. Bxe7 Qxe7 13. e4 Qf7 14. exd5 exd5
15. Re2 Rce8 16. Rae1 Nb6 17. Ng5 Qd7 18. Ne6 Rf6 19. Nc5 Rxe2 20. Rxe2 Qc8 21.
N5a4 Nxa4 22. Nxa4 Qf5 23. Qxf5 Rxf5 24. c3 b6 25. b4 Kf7 26. Nb2 Rf6 27. Nd3
Re6 28. Ne5+ Kf6 29. f4 g5 30. Ng4+ Kf5 31. Rxe6 Kxe6 32. fxg5 Kf5 33. Ne3+ Ke4
34. Kf2 Nd8 35. h4 Ne6 36. g3 c6 37. Ke2 Nc7 38. a4 Ne8 39. Ng4 c5 40. bxc5
bxc5 41. dxc5 d4 42. Nf2+ Kd5 43. cxd4 Kxd4 44. Nd3 Kc4 45. Ke3 Nc7 46. Ke4 a5
47. c6 Kb3 48. Ke5 Kxa4 49. Kd6 Nb5+ 50. Kd7 Kb3 51. c7 Nxc7 52. Kxc7 a4 53.
Nc5+ 1-0

[Event "ONJK 2017 B"]
[Site "Borne, Netherlands"]
[Date "2017.08.07"]
[Round "1"]
[White "Kroon, Gerbrich"]
[Black "Ghebreab, Elnathan"]
[Result "0-1"]
[WhiteElo "1467"]
[BlackElo "1837"]
[PlyCount "54"]
[EventDate "2017.08.??"]

1. e4 d5 2. exd5 Nf6 3. Nf3 Bg4 4. Be2 Nxd5 5. d4 e6 6. c3 c6 7. O-O Bd6 8. h3
h5 9. Ne5 Bxe2 10. Qxe2 g5 11. Nd2 g4 12. Ne4 gxh3 13. gxh3 Qc7 14. Nxd6+ Qxd6
15. Qf3 Qe7 16. Kh2 Nd7 17. Nd3 N7f6 18. Bg5 Ng4+ 19. Kg3 Qxg5 20. hxg4 Rg8 21.
Rg1 f5 22. Ne5 hxg4 23. Qd3 Rh8 24. Rh1 Rh3+ 25. Rxh3 gxh3+ 26. Kf3 Qg2+ 27.
Ke2 Nf4+ 0-1

[Event "ONJK 2017 B"]
[Site "Borne, Netherlands"]
[Date "2017.08.07"]
[Round "1"]
[White "Martinez, Anna"]
[Black "Thienpont, Xander"]
[Result "1-0"]
[WhiteElo "1837"]
[BlackElo "1443"]
[PlyCount "43"]
[EventDate "2017.08.??"]

1. d4 d5 2. Nf3 Nf6 3. c4 e6 4. Nc3 h6 5. e3 Bd6 6. Bd3 c5 7. O-O O-O 8. b3
cxd4 9. exd4 Qc7 10. Nb5 Qb6 11. c5 Bxc5 12. dxc5 Qxc5 13. Ba3 Qb6 14. Bxf8
Kxf8 15. Qc1 Nc6 16. Qa3+ Kg8 17. Qb2 Bd7 18. a4 a6 19. Nbd4 Nb4 20. Be2 Ne4
21. Ne5 Rd8 22. Rac1 1-0

[Event "ONJK 2017 B"]
[Site "Borne, Netherlands"]
[Date "2017.08.07"]
[Round "1"]
[White "Segers, Job"]
[Black "Merkon, Oseb"]
[Result "0-1"]
[WhiteElo "1427"]
[BlackElo "1833"]
[PlyCount "70"]
[EventDate "2017.08.??"]

1. e4 c5 2. Nf3 d6 3. d4 cxd4 4. Nxd4 Nf6 5. Nc3 a6 6. Bg5 e6 7. Bd3 Be7 8. Qe2
Nc6 9. Nxc6 bxc6 10. e5 Nd5 11. Bxe7 Qxe7 12. Na4 Nf4 13. Qf3 Nxd3+ 14. Qxd3 d5
15. Nb6 Qb4+ 16. Qd2 Qxb6 17. O-O-O a5 18. f4 Rb8 19. c3 Qc7 20. g4 a4 21. Rde1
c5 22. f5 c4 23. a3 Qb6 24. fxe6 Bxe6 25. Kb1 Qb3 26. Ka1 Bxg4 27. Rhf1 O-O 28.
Rf2 Bh5 29. h4 Rfc8 30. Rg1 d4 31. Qg5 Bg6 32. h5 dxc3 33. hxg6 cxb2+ 34. Kb1
hxg6 35. Rxf7 Qd3+ 0-1

[Event "ONJK 2017 B"]
[Site "Borne, Netherlands"]
[Date "2017.08.07"]
[Round "1"]
[White "Butzen, Robin"]
[Black "Van Aken, Jelmer"]
[Result "0-1"]
[WhiteElo "1825"]
[BlackElo "1395"]
[PlyCount "56"]
[EventDate "2017.08.??"]

1. d4 Nf6 2. c4 e6 3. g3 d5 4. Bg2 c5 5. cxd5 Nxd5 6. Nf3 Nc6 7. O-O Be7 8.
dxc5 Bxc5 9. a3 O-O 10. b4 Be7 11. Bb2 Bf6 12. Qb3 Qb6 13. Nbd2 Bxb2 14. Qxb2
Qb5 15. e4 Nf6 16. Rac1 Rd8 17. Rc5 Qd3 18. Rfc1 Nxe4 19. Nxe4 Qxe4 20. Ne5 Qd4
21. Qc2 Nxe5 22. Rxc8 Raxc8 23. Qxc8 Nd3 24. Rc2 Nxf2 25. Bxb7 Ng4+ 26. Kh1
Qd1+ 27. Kg2 Ne3+ 28. Kh3 Qg4# 0-1

[Event "ONJK 2017 B"]
[Site "Borne, Netherlands"]
[Date "2017.08.07"]
[Round "1"]
[White "Van Herreweghe, Jarno"]
[Black "Decruyenaere, Robbert"]
[Result "0-1"]
[WhiteElo "1365"]
[BlackElo "1818"]
[PlyCount "35"]
[EventDate "2017.08.??"]

1. d4 Nf6 2. c4 g6 3. Nc3 Bg7 4. Nf3 O-O 5. Bf4 d6 6. e3 c6 7. Qc2 Na6 8. a3
Nh5 9. Bd3 Nxf4 10. exf4 Bg4 11. Be4 Bxf3 12. Bxf3 Bxd4 13. O-O Nc5 14. b4 Ne6
15. Be4 Nxf4 16. Rad1 Bxc3 17. Qxc3 Ne2+ 18. Kh1 0-1

[Event "ONJK 2017 B"]
[Site "Borne, Netherlands"]
[Date "2017.08.07"]
[Round "1"]
[White "Schaefer, Daniel"]
[Black "Nies, Levi"]
[Result "1/2-1/2"]
[WhiteElo "1792"]
[BlackElo "1351"]
[PlyCount "79"]
[EventDate "2017.08.??"]

1. d4 d5 2. c4 c6 3. Nf3 Nf6 4. Nc3 g6 5. e3 Bg7 6. Be2 O-O 7. O-O Bf5 8. Qb3
b6 9. Ne5 Ne4 10. f4 Bxe5 11. fxe5 e6 12. cxd5 cxd5 13. Bf3 Nc6 14. Nxe4 Bxe4
15. Bxe4 dxe4 16. Bd2 Qd5 17. Qxd5 exd5 18. Rf6 Rac8 19. Raf1 Kg7 20. Rd6 Rfd8
21. Rff6 Ne7 22. Rxd8 Rxd8 23. g4 Rc8 24. Bc3 h5 25. h3 Rc6 26. g5 Rxf6 27.
gxf6+ Kf8 28. Bb4 Ke8 29. fxe7 h4 30. Be1 g5 31. Bb4 Kd7 32. Kf2 Ke8 33. Ke2
Kd7 34. Bd6 a6 35. b4 b5 36. Kd2 Ke8 37. Ke1 Kd7 38. Kf2 Ke8 39. Kg2 Kd7 40.
Kf2 1/2-1/2

[Event "ONJK 2017 B"]
[Site "Borne, Netherlands"]
[Date "2017.08.07"]
[Round "1"]
[White "De Smedt, Lias"]
[Black "Vitharana, Annelies"]
[Result "0-1"]
[WhiteElo "1271"]
[BlackElo "1789"]
[PlyCount "70"]
[EventDate "2017.08.??"]

1. e4 d5 2. exd5 Nf6 3. Bc4 Nxd5 4. Nf3 Bg4 5. d3 Nc6 6. Be3 Ne5 7. Bb3 e6 8.
Nbd2 Bd6 9. h3 Bh5 10. Nc4 Nxf3+ 11. gxf3 Bb4+ 12. c3 Nxc3 13. bxc3 Bxc3+ 14.
Ke2 Qf6 15. Nd2 Bxd2 16. Kxd2 Bxf3 17. Qc2 Bxh1 18. Rxh1 O-O 19. Rg1 Rfd8 20.
Qxc7 Rac8 21. Qxb7 Qb2+ 22. Ke1 Qb1+ 23. Ke2 Qxg1 24. Qxa7 Qb1 25. Bc5 Qb2+ 26.
Ke1 Qc3+ 27. Kf1 Rxc5 28. Bc4 Qc1+ 29. Ke2 Re5+ 30. Kf3 Qd1+ 31. Kf4 Rf5+ 32.
Ke4 Qe1+ 33. Qe3 Qh1+ 34. f3 Qxh3 35. Qd2 Qxf3# 0-1

[Event "ONJK 2017 B"]
[Site "Borne, Netherlands"]
[Date "2017.08.07"]
[Round "1"]
[White "De Vries, Tobias"]
[Black "Eelsingh, Janko"]
[Result "1-0"]
[WhiteElo "1747"]
[BlackElo "1202"]
[PlyCount "127"]
[EventDate "2017.08.??"]

1. Nf3 f5 2. g3 e6 3. Bg2 Nf6 4. O-O Be7 5. c4 O-O 6. Nc3 d6 7. d4 Qe8 8. Qc2
a5 9. e4 fxe4 10. Nxe4 Nc6 11. Re1 Nb4 12. Qe2 Nxe4 13. Qxe4 d5 14. cxd5 Nxd5
15. Ng5 Bxg5 16. Bxg5 Qf7 17. Qc2 Qf5 18. Qxf5 Rxf5 19. Re5 Rxe5 20. dxe5 h6
21. Bd2 Bd7 22. Rc1 Bc6 23. Rc5 a4 24. Rc4 Nb6 25. Rd4 Bxg2 26. Kxg2 c5 27. Rd6
Nc4 28. Rd7 Nxd2 29. Rxd2 a3 30. b3 b5 31. Rd6 c4 32. bxc4 bxc4 33. Rxe6 Rc8
34. Rd6 c3 35. Rd1 c2 36. Rc1 Kf7 37. Kf1 Ke6 38. Ke2 Kxe5 39. Kd2 Kd4 40. Rxc2
Rxc2+ 41. Kxc2 Kc4 42. f3 g6 43. h4 g5 44. hxg5 hxg5 45. f4 g4 46. f5 Kd5 47.
f6 Ke6 48. f7 Kxf7 49. Kb3 Ke6 50. Kxa3 Kd6 51. Kb3 Kd5 52. a4 Ke4 53. a5 Kf3
54. a6 Kxg3 55. a7 Kf2 56. a8=Q g3 57. Qf8+ Kg1 58. Qg7 g2 59. Kc2 Kf2 60. Qd4+
Kf1 61. Qf4+ Ke2 62. Qg3 Kf1 63. Qf3+ Ke1 64. Kd3 1-0

[Event "ONJK 2017 B"]
[Site "Borne, Netherlands"]
[Date "2017.08.07"]
[Round "1"]
[White "Vermet, Thomas"]
[Black "Honkoop, Mark"]
[Result "1-0"]
[WhiteElo "1137"]
[BlackElo "1733"]
[PlyCount "86"]
[EventDate "2017.08.??"]

1. e4 e5 2. Bc4 Nf6 3. d3 Bc5 4. Bg5 d6 5. Nf3 h6 6. Bh4 Nc6 7. c3 Be6 8. O-O
Bxc4 9. Bxf6 Qxf6 10. dxc4 a5 11. Re1 O-O 12. Nbd2 Qe7 13. Nf1 g6 14. Qd2 Kh7
15. Qc2 Qe6 16. b3 Ne7 17. Ng3 Rg8 18. Rf1 Raf8 19. Nd2 f5 20. exf5 gxf5 21.
Rae1 Kh8 22. Kh1 Ng6 23. Nf3 Bb6 24. Nd4 Bxd4 25. cxd4 Qf6 26. Nh5 Qg5 27. Ng3
Ra8 28. f3 Nh4 29. Qc3 e4 30. fxe4 f4 31. d5+ Kh7 32. Re2 fxg3 33. hxg3 Qxg3
34. Rf7+ Qg7 35. Rxg7+ Rxg7 36. Kh2 Rag8 37. g3 Ng6 38. Rg2 b6 39. a3 Ne5 40.
b4 axb4 41. axb4 Rg4 42. c5 bxc5 43. bxc5 dxc5 1-0

[Event "ONJK 2017 B"]
[Site "Borne, Netherlands"]
[Date "2017.08.07"]
[Round "1"]
[White "Verheyen, Olivier"]
[Black "Meijer, Kim"]
[Result "1-0"]
[WhiteElo "1731"]
[BlackElo "1106"]
[PlyCount "102"]
[EventDate "2017.08.??"]

1. e4 d5 2. exd5 Nf6 3. Nf3 Nxd5 4. d4 Bg4 5. Be2 e6 6. O-O c5 7. c3 Nc6 8. Na3
Be7 9. Nc4 f6 10. dxc5 Bxc5 11. Nh4 Bxe2 12. Qxe2 Kf7 13. Rd1 Qe7 14. Qh5+ g6
15. Qh6 Qf8 16. Qxf8+ Rhxf8 17. Nf3 Rad8 18. a4 a6 19. a5 Rd7 20. Be3 Bxe3 21.
fxe3 Rfd8 22. Kf2 e5 23. g3 h5 24. e4 Nc7 25. Rxd7+ Rxd7 26. Ke3 Nb5 27. Rf1
Ke7 28. Nb6 Rd8 29. Nd5+ Ke6 30. Nh4 Rf8 31. Nxg6 Rf7 32. b4 f5 33. Nh4 Nd6 34.
Nb6 fxe4 35. Rxf7 Kxf7 36. Ng2 Ke6 37. Kd2 Nf5 38. Ne3 Nd6 39. Ke2 Nf7 40. Ned5
Nh6 41. Ne3 Nf5 42. Na4 Nd8 43. Nc5+ Kf6 44. Nxe4+ Kg6 45. Nxf5 Kxf5 46. Kf3
Nc6 47. Nc5 Nd8 48. h3 Kf6 49. Ke4 h4 50. gxh4 Ne6 51. Nxe6 Kxe6 1-0

[Event "ONJK 2017 B"]
[Site "Borne, Netherlands"]
[Date "2017.08.07"]
[Round "1"]
[White "Schalm, Jacob"]
[Black "Schelleman, Iris"]
[Result "0-1"]
[WhiteElo "1018"]
[BlackElo "1730"]
[PlyCount "64"]
[EventDate "2017.08.??"]

1. e4 e5 2. Nf3 Nc6 3. d4 exd4 4. Nxd4 Bc5 5. Be3 Qf6 6. c3 Nge7 7. g3 b6 8.
Bg2 Bb7 9. O-O O-O-O 10. Qd2 h5 11. b4 Bxd4 12. cxd4 Qg6 13. h4 d5 14. e5 f6
15. exf6 gxf6 16. b5 Na5 17. Nc3 Nf5 18. Bh3 Kb8 19. Qd3 Nxh4 20. Qxg6 Nxg6 21.
Rac1 Nc4 22. Ne2 h4 23. g4 Rde8 24. Rc3 Rhg8 25. Kh2 Re4 26. Ng1 Rge8 27. Re1
Nf4 28. Nf3 Bc8 29. Nxh4 Nxh3 30. Kxh3 Rxg4 31. f3 Rg1+ 32. Kh2 Rxe1 0-1

[Event "ONJK 2017 B"]
[Site "Borne, Netherlands"]
[Date "2017.08.07"]
[Round "1"]
[White "Vleming, Stefan"]
[Black "Tiemens, Tygo"]
[Result "1-0"]
[WhiteElo "1652"]
[BlackElo "1015"]
[PlyCount "97"]
[EventDate "2017.08.??"]

1. d4 e6 2. c4 d5 3. Nc3 b6 4. Nf3 Nf6 5. Bg5 Be7 6. e3 c5 7. dxc5 bxc5 8. Rc1
Nc6 9. cxd5 Nxd5 10. Nxd5 exd5 11. Bxe7 Nxe7 12. Rxc5 Qd6 13. Bb5+ Bd7 14.
Bxd7+ Qxd7 15. O-O O-O 16. Qd3 Qd6 17. Rfc1 Rac8 18. Qa3 a6 19. Rxc8 Rxc8 20.
Rxc8+ Nxc8 21. Qxd6 Nxd6 22. Nd4 Nc4 23. b4 Kf8 24. Kf1 Ke8 25. Nc6 f6 26. Ke2
Ne5 27. Nxe5 fxe5 28. Kd3 Kd7 29. a4 Kc7 30. f4 Kd6 31. fxe5+ Kxe5 32. b5 axb5
33. axb5 Kd6 34. Kd4 g6 35. g3 h6 36. h3 Ke6 37. b6 Kd6 38. b7 Kc7 39. Kxd5
Kxb7 40. Kd6 Kc8 41. Ke6 Kd8 42. e4 Ke8 43. e5 Kf8 44. Kd7 Kf7 45. e6+ Kf6 46.
e7 Kg5 47. e8=Q Kh5 48. Kd6 Kg5 49. Qe5# 1-0

[Event "ONJK 2017 B"]
[Site "Borne, Netherlands"]
[Date "2017.08.07"]
[Round "1"]
[White "Keetelaar, Denny"]
[Black "Bilecen, Simon"]
[Result "0-1"]
[WhiteElo "937"]
[BlackElo "1619"]
[PlyCount "66"]
[EventDate "2017.08.??"]

1. e4 c5 2. c3 Nf6 3. e5 Nd5 4. d4 cxd4 5. cxd4 e6 6. Nf3 d6 7. Be2 Nc6 8. O-O
Be7 9. Nc3 Nxc3 10. bxc3 dxe5 11. Nxe5 Nxe5 12. dxe5 Bd7 13. Bf3 Qc7 14. Re1
O-O 15. Bb2 Rfd8 16. Qc2 Bc6 17. Be4 Bxe4 18. Qxe4 Rd2 19. Re2 Rad8 20. Rb1 Bc5
21. g3 Qb6 22. Kg2 Bxf2 23. Rxd2 Rxd2 24. Kh3 Rxb2 25. Rxb2 Qxb2 26. Qc4 h6 27.
Qc8+ Kh7 28. Qf8 Kg6 29. Qe7 Bg1 30. Qd7 Qxh2+ 31. Kg4 Qe2+ 32. Kh3 h5 33. Qxb7
Qh2# 0-1

[Event "ONJK 2017 B"]
[Site "Borne, Netherlands"]
[Date "2017.08.07"]
[Round "1"]
[White "Hematyar, Fardin"]
[Black "Hofstra, Tetske"]
[Result "1-0"]
[WhiteElo "1612"]
[BlackElo "894"]
[PlyCount "51"]
[EventDate "2017.08.??"]

1. Nc3 Nf6 2. e4 e5 3. f4 Bd6 4. Nf3 Ng4 5. Bc4 O-O 6. O-O exf4 7. d4 b6 8. e5
Bb4 9. Bxf4 Bxc3 10. bxc3 Ba6 11. Bxa6 Nxa6 12. Ng5 h5 13. Qd3 g6 14. Qxa6 f6
15. Qc4+ Kg7 16. exf6+ Nxf6 17. Be5 d5 18. Qc6 Qe7 19. Ne6+ Kg8 20. Nxf8 Rxf8
21. Rxf6 Rxf6 22. Qxf6 Qd7 23. Qh8+ Kf7 24. Rf1+ Ke7 25. Qf8+ Ke6 26. Rf6# 1-0

[Event "ONJK 2017 B"]
[Site "Borne, Netherlands"]
[Date "2017.08.07"]
[Round "1"]
[White "Lindenaar, Katja"]
[Black "Noordenbos, Daan"]
[Result "0-1"]
[WhiteElo "855"]
[BlackElo "1606"]
[PlyCount "70"]
[EventDate "2017.08.??"]

1. e4 c5 2. d4 cxd4 3. Nf3 Nc6 4. Bc4 e6 5. c3 dxc3 6. Nxc3 a6 7. O-O Qc7 8.
Qe2 b5 9. Bd5 Bb7 10. Re1 Bc5 11. Bg5 Nge7 12. Bxe7 Nxe7 13. Ng5 h6 14. Nxf7
Kxf7 15. Qf3+ Kg8 16. Rad1 Rf8 17. Qg4 Rf4 18. Qh5 g6 19. Qh3 Bxf2+ 20. Kh1 Rh4
21. e5 Rxh3 22. gxh3 exd5 23. Kg2 Qc5 24. Re2 d4+ 25. Kxf2 dxc3+ 26. Kf1 Kh7
27. bxc3 Rf8+ 28. Ke1 Qxc3+ 29. Rdd2 Qxh3 30. Kd1 Bf3 31. Kc2 Rc8+ 32. Kd3 Be4+
33. Kxe4 Rc4+ 34. Rd4 Qg4+ 35. Kd3 Qxd4# 0-1

[Event "ONJK 2017 B"]
[Site "Borne, Netherlands"]
[Date "2017.08.07"]
[Round "1.22"]
[White "Heij, Abedin"]
[Black "Hofstra, Remmelt"]
[Result "1-0"]
[WhiteElo "1594"]
[BlackElo "815"]
[PlyCount "95"]
[EventDate "2017.08.??"]

1. d4 d5 2. c4 Nf6 3. Nc3 Bf5 4. e3 e6 5. Nf3 Bb4 6. Bd2 O-O 7. Be2 Nc6 8. O-O
Be4 9. cxd5 exd5 10. Qb3 Qd6 11. Nb5 Na5 12. Qxb4 Qxb4 13. Bxb4 Nc6 14. Bxf8
Rxf8 15. Nc3 Bf5 16. Rfc1 Nb4 17. Nh4 Bd3 18. Bxd3 Nxd3 19. Rc2 Nb4 20. Rd2 h6
21. a3 Nc6 22. b4 a5 23. b5 Ne7 24. Rc1 c6 25. a4 cxb5 26. Nxb5 Ne4 27. Rb2 g5
28. Nf3 Nf5 29. Nd2 Nf6 30. Rc7 Rb8 31. g4 Ne8 32. gxf5 Nxc7 33. Nxc7 Kg7 34.
Nxd5 Rd8 35. Nc7 Rb8 36. d5 Kf6 37. d6 Rd8 38. Rb6 Kxf5 39. Nc4 Kg4 40. d7 Kh5
41. Rd6 f5 42. Ne6 Rxd7 43. Rxd7 f4 44. exf4 gxf4 45. Rg7 f3 46. Nf4+ Kh4 47.
Ne5 h5 48. Nxf3# 1-0

[Event "ONJK 2017 B"]
[Site "Borne, Netherlands"]
[Date "2017.08.08"]
[Round "2.1"]
[White "Dai, Wenzhi"]
[Black "Verheyen, Olivier"]
[Result "1-0"]
[WhiteElo "1899"]
[BlackElo "1731"]
[PlyCount "57"]
[EventDate "2017.08.??"]

1. e4 e5 2. Nf3 Nc6 3. Bb5 Nge7 4. d3 g6 5. Bg5 Bg7 6. Nc3 h6 7. Bh4 g5 8. Bg3
O-O 9. Bc4 Kh8 10. a3 d6 11. h3 a6 12. Nd2 b5 13. Ba2 Nd4 14. Ne2 Ng6 15. Nxd4
exd4 16. Qh5 Kh7 17. h4 gxh4 18. Bxh4 Nxh4 19. Rxh4 Qf6 20. Nf3 Kg8 21. g3 Be6
22. Rf4 Qe7 23. Bd5 Rab8 24. Kd2 c5 25. Rh1 a5 26. g4 Rfe8 27. Bxe6 Qxe6 28. g5
hxg5 29. Qh7+ 1-0

[Event "ONJK 2017 B"]
[Site "Borne, Netherlands"]
[Date "2017.08.08"]
[Round "2.2"]
[White "Schelleman, Iris"]
[Black "Van Randtwijk, Mick"]
[Result "0-1"]
[WhiteElo "1730"]
[BlackElo "1892"]
[PlyCount "48"]
[EventDate "2017.08.??"]

1. e4 c5 2. Nc3 Nc6 3. f4 g6 4. Nf3 Bg7 5. Bc4 e6 6. a3 Nge7 7. O-O d5 8. exd5
exd5 9. Ba2 O-O 10. d3 a6 11. Qe1 b5 12. Bd2 Bb7 13. Nh4 Nd4 14. Rc1 Re8 15.
Qd1 b4 16. Na4 Nec6 17. Nf3 Ne2+ 18. Kh1 Nxc1 19. Qxc1 bxa3 20. bxa3 Bc8 21.
Nxc5 Nd4 22. Nxd4 Bxd4 23. Na4 Bf5 24. Nc3 Rc8 0-1

[Event "ONJK 2017 B"]
[Site "Borne, Netherlands"]
[Date "2017.08.08"]
[Round "2.3"]
[White "Gijsen, William"]
[Black "Vleming, Stefan"]
[Result "1-0"]
[WhiteElo "1856"]
[BlackElo "1652"]
[PlyCount "29"]
[EventDate "2017.08.??"]

1. e4 e6 2. d4 d5 3. Nc3 Nf6 4. e5 Nfd7 5. h4 c5 6. Bg5 Be7 7. Bxe7 Qxe7 8. Nb5
Nb6 9. Nd6+ Kd8 10. dxc5 N6d7 11. f4 Nxc5 12. c4 f6 13. cxd5 fxe5 14. Nf7+ Kc7
15. d6+ 1-0

[Event "ONJK 2017 B"]
[Site "Borne, Netherlands"]
[Date "2017.08.08"]
[Round "2.4"]
[White "Bilecen, Simon"]
[Black "Van Dongen, Sam"]
[Result "1/2-1/2"]
[WhiteElo "1619"]
[BlackElo "1856"]
[PlyCount "41"]
[EventDate "2017.08.??"]

1. d4 Nc6 2. Nf3 d6 3. g3 g6 4. Bg2 Bg7 5. O-O Nf6 6. c3 O-O 7. Na3 e5 8. Bg5
h6 9. Bxf6 Qxf6 10. e3 Bg4 11. h3 Bxf3 12. Qxf3 Qxf3 13. Bxf3 f5 14. Bd5+ Kh8
15. Nb5 Ne7 16. Be6 c6 17. Nxd6 Rf6 18. Nf7+ Kg8 19. Ng5+ Kh8 20. Nf7+ Kg8 21.
Ng5+ 1/2-1/2

[Event "ONJK 2017 B"]
[Site "Borne, Netherlands"]
[Date "2017.08.08"]
[Round "2.5"]
[White "Ghebreab, Elnathan"]
[Black "Hematyar, Fardin"]
[Result "0-1"]
[WhiteElo "1837"]
[BlackElo "1612"]
[PlyCount "60"]
[EventDate "2017.08.??"]

1. e4 e5 2. Nf3 Nc6 3. d4 exd4 4. Bc4 Bc5 5. c3 Nf6 6. cxd4 Bb4+ 7. Bd2 O-O 8.
e5 d5 9. Bd3 Ne4 10. Nc3 Bf5 11. Qc2 Nxd2 12. Kxd2 Bg6 13. h4 Ba5 14. a3 Nxd4
15. Nxd4 c5 16. Nb3 d4 17. Nxa5 Qxa5 18. Ke2 c4 19. Bxg6 fxg6 20. Kf1 dxc3 21.
Qxc3 Qc5 22. f3 Rae8 23. b4 Qxe5 24. Qxc4+ Kh8 25. Kf2 Qb2+ 26. Kg3 Re2 27.
Rhg1 Qe5+ 28. Kh3 Rxf3+ 29. gxf3 Rh2+ 30. Kg4 h5# 0-1

[Event "ONJK 2017 B"]
[Site "Borne, Netherlands"]
[Date "2017.08.08"]
[Round "2.6"]
[White "Noordenbos, Daan"]
[Black "Martinez, Anna"]
[Result "1-0"]
[WhiteElo "1606"]
[BlackElo "1837"]
[PlyCount "77"]
[EventDate "2017.08.??"]

1. e4 c5 2. Nf3 Nc6 3. d4 cxd4 4. Nxd4 e5 5. Nb5 d6 6. N1c3 a6 7. Na3 b5 8. Nd5
Be7 9. Be3 Rb8 10. c4 b4 11. Nc2 Nf6 12. Nxe7 Qxe7 13. f3 h5 14. Qd2 O-O 15.
Rd1 Rd8 16. Bg5 Be6 17. b3 Rd7 18. h3 Qf8 19. g4 Nh7 20. Bh4 f6 21. gxh5 Qf7
22. Qg2 Qxh5 23. Bf2 Ng5 24. Rd3 Kf7 25. h4 Rh8 26. Be2 Qh7 27. Be3 Nh3 28.
Rxh3 Bxh3 29. Qxh3 Qxh4+ 30. Qxh4 Rxh4 31. c5 Ke6 32. Rd2 a5 33. Bc4+ Ke7 34.
cxd6+ Kd8 35. Bb6+ Kc8 36. Be6 g5 37. Ne3 Rf4 38. Nd5 Rxf3 39. Ne7+ 1-0

[Event "ONJK 2017 B"]
[Site "Borne, Netherlands"]
[Date "2017.08.08"]
[Round "2"]
[White "Merkon, Oseb"]
[Black "Heij, Abedin"]
[Result "1-0"]
[WhiteElo "1833"]
[BlackElo "1594"]
[PlyCount "63"]
[EventDate "2017.08.??"]

1. c4 Nf6 2. Nc3 g6 3. g3 Bg7 4. Bg2 O-O 5. d3 d6 6. e4 Nc6 7. Nge2 e5 8. O-O
Ne8 9. f4 f5 10. Be3 Nf6 11. fxe5 Nxe5 12. Bg5 c6 13. d4 Nf7 14. Bf4 fxe4 15.
Nxe4 Nxe4 16. Bxe4 Re8 17. Bf3 Bf5 18. Qd2 Qd7 19. h4 Bg4 20. Rf2 Bxf3 21. Rxf3
Qg4 22. Raf1 Rxe2 23. Qxe2 Bxd4+ 24. Kg2 Be5 25. Qf2 Kg7 26. Bxe5+ Nxe5 27. Rf8
Qe4+ 28. Kg1 Ng4 29. Qf7+ Kh6 30. Rxa8 Qe3+ 31. Kh1 Qe2 32. Qf4+ 1-0

[Event "ONJK 2017 B"]
[Site "Borne, Netherlands"]
[Date "2017.08.08"]
[Round "2"]
[White "Decruyenaere, Robbert"]
[Black "Damen, Sven"]
[Result "1-0"]
[WhiteElo "1818"]
[BlackElo "1544"]
[PlyCount "89"]
[EventDate "2017.08.??"]

1. e4 d6 2. Nf3 Nf6 3. Nc3 e5 4. Bc4 Be7 5. d3 c6 6. O-O O-O 7. d4 Nbd7 8. Re1
b5 9. Bd3 Bb7 10. Ne2 Qc7 11. Ng3 Rfe8 12. c3 a6 13. Nf5 Bf8 14. dxe5 dxe5 15.
Bg5 h6 16. Bh4 g6 17. Bxf6 Nxf6 18. Ng3 Rad8 19. Qe2 Nd7 20. Bc2 Nc5 21. h4 h5
22. Qe3 Ne6 23. Ng5 c5 24. Rad1 Bc8 25. b3 Nxg5 26. Qxg5 Be7 27. Qh6 Bxh4 28.
Nxh5 gxh5 29. Qxh5 Qe7 30. Re3 Bg5 31. Rg3 f6 32. Rd5 Qh7 33. Qd1 Rxd5 34.
Qxd5+ Kh8 35. Rd3 Qe7 36. Qc6 c4 37. bxc4 Bb7 38. Qb6 Kg8 39. Rd6 bxc4 40. Ba4
Rb8 41. Rd7 Qa3 42. Qe6+ Kh8 43. Qh3+ Kg8 44. Qh7+ Kf8 45. Qh8# 1-0